000 00566nam a2200217Ia 4500
005 20250508164520.0
008 008 250505s9999 xx 000 0 hin d
037 _aTextual
040 _aFEDL
_beng
_cFEDL
041 _ahin
_2hin
084 _a370, MAS
_qFEDL
100 _aMashruwala K G
_9577631
245 0 _aShikshamein vivek
260 _aAhmedabad, India
_bNavjivan Prakashan Mandir
_c1956
300 _a136p.
365 _aINR
_b2.6
546 _aMACESE
650 _aEducation
942 _cTEXL
_h370, MAS
999 _c1389524
_d1389524